Statystyki dla Najwyższe szczyty polskich Tatr

Kliknij tutaj aby rozwiązać quiz!

Ogólne statystyki

  • Ten quiz został rozwiązany 335 razy
  • Średni wynik to 5 z 22

Statystyki odpowiedzi

L.p.WysokośćSzczyt% Poprawnych
12499Rysy
100%
102301Świnica
79%
112291Kozi Wierch
71%
22438Mięguszowiecki Szczyt
58%
212240Zadni Granat
33%
42410Mięguszowiecki Szczyt Czarny
25%
32430Niżne Rysy
25%
222234Pośredni Granat
24%
52393Mięguszowiecki Szczyt Pośredni
21%
122291Żabi Koń
21%
72376Cubryna
19%
142266Kozie Czuby
12%
152262Niebieska Turnia
8%
82373Wolowa Turnia
7%
62377Hińczowa Turnia
5%
162259Żabi Szczyt Wyżni
5%
182247Zawratowa Turnia
5%
132280Gąsienicowa Turnia
4%
92336Żabia Turnia Mięguszowiecka
4%
192242Buczynowa Strażnica
3%
202242Czarne Ściany
3%
172252Spadowa Kopa
2%

Rozkład punktacji

Percentyl według liczby udzielonych odpowiedzi

Procent ludzi z każdym wynikiem

Twoja historia wyników

Nie rozwiązałeś tego quizu